000 00690nas a2200241 4500
001 BR8905155
003 BR-BrBNA
005 20231205091738.0
007 ta
008 230509b bl.|||p| |||| 00| 00por d
040 _aBR-BrBNA
_bpor
_cBiblioteca Nacional de Agricultura
041 _a(Pt)
072 _aQ01
100 1 _aConceicao, E.P.
100 1 _aPiedade Junior, C.
245 1 _aPotencia total absorvida na moagem de graos agricolas em moinhos a martelos
650 _aMOENDA
650 _aMOAGEM
650 _aGRAO
773 0 _tEnergia na Agricultura (Brazil)
_x
_g(1987), v. 2(3) p. 27-31
_wBR8905155
909 _a202311
_bLúcia
_c55
_dLúcia Elande
942 _2AGRIS
_n0
_cANA
999 _c127068
_d127068